| 000 | 00856nab a2200265 u 4500 | ||
|---|---|---|---|
| 001 | 11921 | ||
| 003 | HDC | ||
| 007 | cr bn ---aaaaa | ||
| 008 | 210208c20150209 |r|noo 0 a eng d | ||
| 040 | _aHDC | ||
| 100 |
_aJohn,Isaac _eauthor _912282 |
||
| 245 | 0 |
_aRecord Gulfood show opens door / by _cIsaac John |
|
| 260 |
_a[no place] : _b[publisher not identified], _c2015 |
||
| 336 |
_atext _2rdacontent |
||
| 337 |
_acomputer _2rdamedia |
||
| 338 |
_aonline resource _2rdacarrier |
||
| 650 |
_afood traders _912285 |
||
| 650 |
_aGulfood _912284 |
||
| 650 |
_aHalal food brands _912283 |
||
| 710 | _aKhaleej Times | ||
| 856 | _zRequest full-text at [email protected] | ||
| 942 | _2lcc | ||
| 942 | _cNEWS | ||
| 942 | _kNWSO 001385 | ||
| 999 |
_c9244 _d9244 |
||